|
|
|
|
| LEADER |
00000cam a2200000 a 4500 |
| 001 |
vtls001446974 |
| 003 |
SK-MaSNL |
| 005 |
20260301190937.0 |
| 008 |
240226s2002 xo o grb 000 0 slo |
| 015 |
|
|
|a SNBSAB2002-00171
|
| 035 |
|
|
|a SNK000402230
|
| 035 |
|
|
|a urn:nbn:sk:snk-am3itb9
|
| 035 |
|
|
|a A69669BF-5130-463B-8416-183F873A0987
|
| 035 |
|
|
|a urn:nbn:sk:snk-am00fh45
|
| 040 |
|
|
|a SNK
|b slo
|c SNK
|e AACR2
|
| 041 |
0 |
|
|a slo
|
| 043 |
|
|
|a e-xo---
|
| 044 |
|
|
|a xo
|c SK
|
| 072 |
|
7 |
|a 070
|x Noviny. Tlač. Žurnalistika
|2 konspekt
|
| 072 |
|
7 |
|a 01
|x Bibliografia. Katalógy
|2 konspekt
|
| 080 |
|
|
|a 82:929:378.124.2:821.161.2:012=161.2
|2 1997
|
| 080 |
|
|
|a 929 Bača, Juraj
|2 1997
|
| 080 |
|
|
|a 012
|2 1997
|
| 080 |
|
|
|a 821.161.2
|2 1997
|
| 080 |
|
|
|a 378.124.2
|2 1997
|
| 080 |
|
|
|a 82-92-051
|2 2011
|
| 080 |
|
|
|a 82-95-051
|2 2011
|
| 080 |
|
|
|a (01)
|2 2011
|
| 080 |
|
|
|a 012
|2 2011
|
| 100 |
1 |
|
|a Bača, Juraj,
|d 1932-2021
|4 aut
|9 207872
|
| 245 |
1 |
0 |
|a Jurij Bača
|b personálna bibliografia
|c [autori: Juraj Bača, Tatiana Murčinková ; recenzent: Juraj Muličák ; odborná spolupráca: Zuzana Džupinková]
|
| 246 |
1 |
1 |
|a Jurij Bača
|b personáljnaja bibliografia
|
| 260 |
|
|
|a Svidník
|b Regionálna rozvojová agentúra
|c 2002
|
| 300 |
|
|
|a 86 strán
|b fotografie
|c 21 x 15 cm
|
| 366 |
|
|
|e 120 kusov
|
| 500 |
|
|
|a Údaj o autoroch a zostavovateľovi je prevzatý z tiráže ; názov na titulnom liste súbežne ukrajinsky
|
| 500 |
|
|
|a Vydala Regionálna rozvojová agentúra, Svidník
|
| 600 |
1 |
7 |
|a Bača, Juraj,
|d 1932-2021
|2 SNKMA
|9 207872
|
| 650 |
0 |
7 |
|a publicisti
|2 SNKPH
|9 63929
|
| 650 |
0 |
7 |
|a literárni kritici
|2 SNKPH
|9 89457
|
| 655 |
|
7 |
|a neperiodické bibliografie
|2 SNKPH
|9 60408
|
| 655 |
|
7 |
|a bibliografie
|2 SNKPH
|9 28668
|
| 655 |
|
7 |
|a personálne bibliografie
|2 SNKPH
|9 70198
|
| 700 |
1 |
|
|a Murčinková, Tatiana
|4 aut
|4 com
|9 566882
|
| 700 |
1 |
|
|a Muličák, Juraj,
|d 1931-2016
|4 rev
|9 170739
|
| 700 |
1 |
|
|a Džupinková, Zuzana,
|d 1954-
|4 adp
|9 120761
|
| 710 |
2 |
|
|a Regionálna rozvojová agentúra (Svidník, Slovensko)
|4 pbl
|9 33673
|
| 958 |
|
|
|a SF
|
| 958 |
|
|
|a RM
|
| 958 |
|
|
|a PB
|
| 958 |
|
|
|a BX
|
| 958 |
|
|
|a UA
|
| 958 |
|
|
|a TL
|
| 958 |
|
|
|a OND
|
| 999 |
|
|
|c 869331
|d 871261
|
| 952 |
|
|
|a SNK
|b SNK
|y PREZ
|7 0
|p 17A0369788
|o snkSC 110268
|i snkKSP 75/2003
|0 0
|1 0
|4 0
|d 2003-01-08
|f 1
|l 0
|r 2025-09-30 00:00:00
|w 2026-02-24
|
| 952 |
|
|
|a SNK
|b SNK
|y VYP
|7 0
|p 17A0369787
|o snkSC 110268 D1
|i snkKSP 76/2003
|0 0
|1 0
|4 0
|d 2003-01-08
|l 0
|r 2005-01-02 00:00:00
|w 2026-02-24
|